ბათუმის შოთა რუსთაველის სახელმწიფო უნივერსიტეტის ბიბლიოთეკა

финансы. оксфордский толковый словарь (ბიბ.ჩანაწერი № 37213)

000 -LEADER
fixed length control field 00538nam a2200217Ia 4500
001 - CONTROL NUMBER
control field 3170
003 - CONTROL NUMBER IDENTIFIER
control field GE_BSU
008 - FIXED-LENGTH DATA ELEMENTS--GENERAL INFORMATION
fixed length control field 181216s||||||||xx |||||||||||||| ||und||
020 ## - INTERNATIONAL STANDARD BOOK NUMBER
International Standard Book Number 5177700071
040 ## - CATALOGING SOURCE
Transcribing agency GE_BSU
080 ## - UNIVERSAL DECIMAL CLASSIFICATION NUMBER
Universal Decimal Classification number 336(038)
245 ## - TITLE STATEMENT
Title финансы. оксфордский толковый словарь
245 ## - TITLE STATEMENT
Remainder of title англо-русский
260 ## - PUBLICATION, DISTRIBUTION, ETC.
Place of publication, distribution, etc. Москва
260 ## - PUBLICATION, DISTRIBUTION, ETC.
Name of publisher, distributor, etc. «Весь Мир»
260 ## - PUBLICATION, DISTRIBUTION, ETC.
Date of publication, distribution, etc. 1997
300 ## - PHYSICAL DESCRIPTION
Extent 496 с.
653 ## - INDEX TERM--UNCONTROLLED
Uncontrolled term финансы
942 ## - ADDED ENTRY ELEMENTS (KOHA)
Koha item type წიგნი
ეგზემპლარები
Withdrawn status Lost status Damaged status Not for loan Date acquired Barcode Date last seen Price effective from Koha item type Public note
        2018-12-17 8032 2018-12-17 2018-12-17 წიგნი დარბაზი
        2018-12-17 8033 2018-12-17 2018-12-17 წიგნი დარბაზი
        2018-12-17 8020 2018-12-17 2018-12-17 წიგნი დარბაზი
        2018-12-17 8019 2018-12-17 2018-12-17 წიგნი დარბაზი